ENERGETICKÁ METÓDA VÝPOČTU STABILITY TENKOSTENNÝCH PRÚTOV OTVORENÉHO PRIEREZU

Bibliographic Details
Main Author: Djubek, Jozef (Author)
Format: Article
Language:Slovak

MARC

LEADER 00000nab a2200000uu 4500
001 vtls010895882
003 SK-MaSNL
005 20260303141713.0
008 230222|1960 xo |||||||||||||||||slo|
015 |a SNBRB 
035 |a (urnnbn)urn:nbn:sk:snk:ar-006jfo 
035 |a (uuid)602fb7d6-d7dc-4a5f-a8f3-e5668f63332f 
035 |a urn:nbn:sk:snk-ab8oo4 
040 |a SNKBUCL  |b slo  |c SNKBUCL  |e AACR2 
041 0 |a slo 
044 |a xo  |c SK 
100 1 |a Djubek, Jozef  |4 aut  |9 279210 
245 1 0 |a ENERGETICKÁ METÓDA VÝPOČTU STABILITY TENKOSTENNÝCH PRÚTOV OTVORENÉHO PRIEREZU  |c Jozef Djubek 
773 0 |t Stavebnícky časopis : mesačník pre teoretické problémy stavebných látok a konštrukcií  |g Roč. 8, č. 2-3 (1960), s. 168-180 
954 |a odborná, vedecká literatúra pôvodná (slovenská)  |2 lita 
958 |a OND 
958 |a EUIPO 
958 |a article10 
999 |c 1978024  |d 1979954